[Event "11th Gibraltar Masters"]
[Site "Caleta ENG"]
[Date "2013.01.25"]
[Round "4.76"]
[White "Christiansmeier,S"]
[Black "Ferrante,M"]
[Result "0-1"]
[WhiteElo "2051"]
[BlackElo "2227"]

1.d4 d5 2.Nf3 Nf6 3.c4 c6 4.Nc3 e6 5.e3 Nbd7 6.Qc2 Bd6 7.g4 Bb4 8.Rg1 Qe7
9.Bd2 Bxc3 10.Bxc3 Ne4 11.Bd3 Nxc3 12.Qxc3 dxc4 13.Bxc4 O-O 14.h4 b5 15.Bd3 c5
16.Qc2 g6 17.Be4 Rb8 18.h5 Bb7 19.Bxb7 Rxb7 20.O-O-O Rc7 21.d5 exd5 22.Rxd5 Nb6
23.Re5 Qf6 24.Qe4 Nc4 25.g5 Qa6 26.Kb1 gxh5 27.g6 hxg6 28.Rxh5 Qf6 29.Ne5 Nd2+  0-1

[Event "18th HIT Open A 2013"]
[Site "Nova Gorica SLO"]
[Date "2013.01.26"]
[Round "3.28"]
[White "Stolfa,R"]
[Black "Portelli,S"]
[Result "0-1"]
[WhiteElo "1829"]
[BlackElo "1740"]

1.d4 d5 2.c4 e6 3.Nc3 c6 4.e3 Nf6 5.Nf3 Nbd7 6.Bd3 Nb6 7.Ne5 Bb4 8.O-O O-O
9.c5 Nbd7 10.f4 Bxc3 11.bxc3 Ne4 12.Qc2 f5 13.Bb2 Ndf6 14.Rf3 Bd7 15.Rh3 Be8
16.Be2 h5 17.Nf3 Ng4 18.Ne1 Nef2 19.Rg3 Ne4 20.Rh3 Rf6 21.Nd3  0-1

[Event "18th HIT Open A 2013"]
[Site "Nova Gorica SLO"]
[Date "2013.01.26"]
[Round "3.23"]
[White "Drobnic,Milan"]
[Black "Bratkovic,Sham"]
[Result "0-1"]
[WhiteElo "1733"]
[BlackElo "1957"]

1.d4 d5 2.c4 c6 3.Nf3 e6 4.e3 Nf6 5.Nc3 Nbd7 6.Be2 Bd6 7.O-O O-O 8.b3 Re8
9.Bb2 Qc7 10.a3 dxc4 11.Bxc4 a6 12.b4 e5 13.dxe5 Nxe5 14.Nxe5 Bxe5 15.h3 Bf5
16.Qb3 b5 17.Be2 c5 18.bxc5 Qxc5 19.Rac1 Qb6 20.Bf3 Rad8 21.Ne2 Rd3 22.Bc3 Be4
23.Bxe4 Nxe4 24.Rfd1 Qf6 25.Rxd3 Qxf2+ 26.Kh1 Qxe2 27.Bxe5 Qxd3 28.Qb2 Qxe3  0-1

[Event "11th Gibraltar Masters"]
[Site "Caleta ENG"]
[Date "2013.01.27"]
[Round "6.57"]
[White "Valhondo Morales,R"]
[Black "Fenollar Jorda,M"]
[Result "0-1"]
[WhiteElo "2136"]
[BlackElo "2325"]

1.Nf3 d5 2.c4 c6 3.e3 Nf6 4.Nc3 e6 5.d4 Nbd7 6.Qc2 Bd6 7.g4 h6 8.h3 b6 9.Bd2 Bb7
10.cxd5 exd5 11.Bd3 Qe7 12.O-O-O O-O-O 13.Nh4 g6 14.f4 Kb8 15.Nf3 c5 16.Rde1 Rc8
17.Kb1 c4 18.Be2 Ne4 19.Nxe4 dxe4 20.Ne5 Bxe5 21.dxe5 Nc5 22.Bb4 a5 23.Bxc5 Qxc5
24.Qc3 Rhd8 25.Rd1 Rd3 26.Bxd3 exd3 27.Rhe1 Be4 28.Ka1 b5 29.b3 Qa3 30.Rd2 b4
31.Qd4 c3 32.Qd6+ Rc7 33.Qd8+ Kb7 34.Qd4 cxd2 35.Qxe4+ Kb8 36.Rb1 Rc2  0-1

[Event "TCh-CZE Div1 Vychod 2012-13"]
[Site "Czech Republic CZE"]
[Date "2013.01.27"]
[Round "6.4"]
[White "Vyskocil,N"]
[Black "Palecek,P"]
[Result "1-0"]
[WhiteElo "2368"]
[BlackElo "2225"]

1.d4 d5 2.c4 e6 3.Nc3 c6 4.e3 Nf6 5.Nf3 Nbd7 6.Qc2 Bd6 7.Be2 O-O 8.O-O Qe7
9.e4 dxe4 10.Nxe4 Nxe4 11.Qxe4 f5 12.Qc2 c5 13.Bg5 Qf7 14.Rad1 cxd4 15.Nxd4 Be5
16.c5 Nf6 17.Bf3 h6 18.Bc1 Nd5 19.Rfe1 Bxd4 20.Rxd4 Bd7 21.b4 a5 22.Qc4 b5
23.cxb6 Rac8 24.Qb3 a4 25.Qd1 Bc6 26.b5 Nc3 27.bxc6 Nxd1 28.Rexd1 Qe7 29.b7 Rc7
30.Rxa4 e5 31.Ba3  1-0

[Event "TCh-CZE Div1 Zapad 2012-13"]
[Site "Czech Republic CZE"]
[Date "2013.01.27"]
[Round "6.3"]
[White "Voloshin,L"]
[Black "Bujnoch,R"]
[Result "1-0"]
[WhiteElo "2426"]
[BlackElo "2207"]

1.d4 d5 2.c4 c6 3.e3 Nf6 4.Nc3 e6 5.Nf3 Nbd7 6.Bd3 dxc4 7.Bxc4 b5 8.Bd3 Bb7
9.a3 a6 10.b4 Bd6 11.O-O O-O 12.Rb1 Qe7 13.e4 e5 14.Ne2 exd4 15.Nexd4 g6
16.Re1 c5 17.bxc5 Bxc5 18.e5 Ng4 19.Be4 Bxe4 20.Rxe4 Ngxe5 21.Nxe5 Nxe5 22.Bf4 Bxd4
23.Qxd4 Nc6 24.Qe3 Qd7 25.Qc3 Nd8 26.Bh6 f5 27.Re2 Nf7 28.Qg7+  1-0

[Event "Asian Zone 3.3 w"]
[Site "Tagaytay City PHI"]
[Date "2013.01.27"]
[Round "7.5"]
[White "Perena,C"]
[Black "Pham Le Thao Nguyen"]
[Result "0-1"]
[WhiteElo "2153"]
[BlackElo "2426"]

1.d4 d5 2.c4 c6 3.e3 Nf6 4.Nc3 e6 5.Nf3 Nbd7 6.Bd3 dxc4 7.Bxc4 b5 8.Be2 Bb7
9.O-O Be7 10.e4 b4 11.e5 bxc3 12.exf6 Nxf6 13.bxc3 O-O 14.Rb1 Qc8 15.Qb3 Ba6
16.Bxa6 Qxa6 17.Bf4 Nd5 18.Bg3 Nb6 19.Ne5 Rac8 20.Rbd1 Rfe8 21.f4 Bd6 22.f5 Bxe5
23.Bxe5 exf5 24.Rxf5 Qc4 25.Qc2 f6 26.Bf4 Re2 27.Bd2 Nd5 28.Rf3 Rce8 29.h4 Ne3
30.Rxe3 R8xe3 31.Qf5 Re8 32.h5 Qxa2  0-1

[Event "Asian Zone 3.3"]
[Site "Tagaytay City PHI"]
[Date "2013.01.27"]
[Round "7.11"]
[White "Gotel,Michael"]
[Black "Tolentino,R"]
[Result "1-0"]
[WhiteElo "2161"]
[BlackElo "2364"]

1.d4 d5 2.c4 e6 3.Nc3 c6 4.e3 Nf6 5.Nf3 Nbd7 6.b3 Bd6 7.Be2 O-O 8.O-O a6
9.Qc2 e5 10.dxe5 Nxe5 11.cxd5 cxd5 12.Bb2 Nxf3+ 13.Bxf3 Ng4 14.g3 Qf6 15.Qe2 Ne5
16.Bg2 h5 17.Nxd5 Qh6 18.f4 Nc6 19.Rfd1 Rd8 20.Nb6 Bg4 21.Bf3 Bxf3 22.Qxf3 Rab8
23.Rd5 Bb4 24.Rxh5 Qe6 25.f5 Qe8  1-0

[Event "6th Gora Sw Anny OpA"]
[Site "Gora Swietej Anny POL"]
[Date "2013.01.29"]
[Round "5.14"]
[White "Kuciel,W"]
[Black "Czempiel,Henryk"]
[Result "1-0"]
[WhiteElo "2036"]
[BlackElo "1908"]

1.d4 d5 2.Nf3 Nf6 3.c4 c6 4.e3 e6 5.Nc3 Nbd7 6.Qc2 Bd6 7.g4 b5 8.cxb5 c5
9.g5 Ng8 10.e4 Ne7 11.exd5 Nxd5 12.Nxd5 Bb7 13.Bc4 Nb6 14.Nxb6 Bxf3 15.Nxa8 Bxh1
16.Be3 cxd4 17.Bxd4 Qxg5 18.Qd2 Qg4 19.Bxg7 Qxg7 20.Qxd6 Bxa8 21.O-O-O Qf6
22.b6  1-0

[Event "18th HIT Open A 2013"]
[Site "Nova Gorica SLO"]
[Date "2013.01.29"]
[Round "7.8"]
[White "Tonon,A"]
[Black "Lazar,Ales ST"]
[Result "1/2-1/2"]
[WhiteElo "2260"]
[BlackElo "2131"]

1.d4 d5 2.c4 c6 3.Nf3 Nf6 4.Nc3 e6 5.e3 Nbd7 6.Qc2 Bd6 7.g4 Nxg4 8.Rg1 Qf6
9.Rxg4 Qxf3 10.Rxg7 Nf6 11.c5 Bc7 12.Bg2 Qh5 13.e4 Rg8 14.Rxg8+ Nxg8 15.Be3 Qxh2
16.f3 Bf4 17.Bxf4 Qxf4 18.Ne2 Qh4+ 19.Kd2 dxe4 20.Qxe4 Qxe4 21.fxe4 Bd7 22.Nc3 Ke7
23.Rh1 h6 24.e5 Rf8 25.Ne4 f6 26.exf6+ Nxf6 27.Rxh6 Nxe4+ 28.Bxe4 Rf6 29.Rh7+ Rf7
30.Rh8 Rf8 31.Rh4 Rf2+ 32.Kc3 Rf7 33.a4 Kf6 34.Rh5 Re7 35.Kd3 Be8 36.Rh6+ Kg7
37.Rh7+ Kf6 38.Rh6+ Kg7 39.Rh4 Kf6 40.Rf4+ Kg7 41.b4 Rf7 42.Rh4 Re7 43.Ke3 Kf6
44.Kf4 Rg7 45.Rh6+ Ke7 46.Rh8 Rf7+ 47.Ke5 Rg7 48.Rh6 Rg5+ 49.Kf4 Rg7 50.Bd3 a6
51.Rh2 Kf6 52.Rh6+ Ke7 53.Bc4 Bd7 54.Rh8 Rf7+ 55.Ke4 Rf8 56.Rh2 Rf7 57.Rh5 Rg7
58.Rh4 Be8 59.Rh6 Bd7 60.Be2 Be8 61.Ke5 Rg5+ 62.Kf4 Rg7 63.Bg4 Bf7 64.Rh8 Be8
65.Bxe6 Kxe6 66.Rxe8+ Kd5 67.b5 axb5 68.axb5 Kxd4 69.bxc6 bxc6 70.Rd8+ Kxc5
71.Ke3 Rg5 72.Kd2 Kc4 73.Rh8 Rg4 74.Kc1 c5 75.Rh3 Kb4 76.Rf3 c4 77.Rh3 Rg2
78.Rf3 Ra2 79.Rh3 Ra8 80.Rg3  1/2-1/2

[Event "ch-TUR 2013"]
[Site "Antalya TUR"]
[Date "2013.02.02"]
[Round "1.8"]
[White "Tuna,Alp"]
[Black "Dastan,B"]
[Result "0-1"]
[WhiteElo "1730"]
[BlackElo "2390"]

1.d4 d5 2.Nf3 Nf6 3.c4 c6 4.e3 e6 5.Nc3 Nbd7 6.Bd3 dxc4 7.Bxc4 b5 8.Bd3 Bb7
9.O-O a6 10.Qe2 c5 11.Rd1 Rc8 12.dxc5 Bxc5 13.a4 b4 14.Nb1 Qb6 15.Nbd2 O-O
16.Nc4 Qc7 17.b3 e5 18.Bf5 e4 19.Nh4 g6 20.Bh3 Nd5 21.Bb2 Rcd8 22.Bxd7 Rxd7
23.Rac1 Rfd8 24.Qc2 Nc3 25.Rxd7 Qxd7 26.g3 Qd3 27.Bxc3 Qxc2 28.Rxc2 Rd1+
29.Kg2 bxc3 30.Rxc3 Bb4 31.Rc2 Bd5 32.Rb2 Be6 33.g4 h5 34.g5 Be7 35.f4 Bb4
36.Ne5 Bc3 37.Nc4 Bb4 38.Ne5 Bc3 39.Rc2 Be1 40.Nhxg6 fxg6 41.Rc6 Bf5 42.Nxg6 Kg7
43.Ne5 Rd2+ 44.Kf1 Bh4 45.Rc7+ Kg8 46.Rc1 Bh3+ 47.Kg1 Bf2+ 48.Kh1 Bxe3  0-1

[Event "ch-TUR 2013"]
[Site "Antalya TUR"]
[Date "2013.02.02"]
[Round "1.10"]
[White "Akar,Erdogan"]
[Black "Ali Marandi,C"]
[Result "0-1"]
[WhiteElo "1727"]
[BlackElo "2369"]

1.d4 d5 2.Nf3 Nf6 3.c4 c6 4.Nc3 e6 5.e3 Nbd7 6.Bd3 dxc4 7.Bxc4 b5 8.Bd3 Bb7
9.O-O a6 10.Qc2 c5 11.Be4 Nxe4 12.Nxe4 cxd4 13.exd4 Rc8 14.Qe2 Be7 15.Bf4 Nf6
16.Nxf6+ Bxf6 17.Be5 O-O 18.Rac1 Be7 19.Rxc8 Qxc8 20.Bf4 Qa8 21.Ne1 Rc8 22.f3 Rc4
23.Be3 Qc8 24.Qd1 Bd5 25.Rf2 a5 26.b3 Rc6 27.Rc2 a4 28.Rxc6 Qxc6 29.bxa4 bxa4
30.Qa1 a3 31.Nd3 Qc2 32.Nc5 Bxa2 33.Qc1 Qb2 34.Bd2 Qxd4+  0-1

[Event "Bundesliga 2012-13"]
[Site "Emsdetten GER"]
[Date "2013.02.02"]
[Round "7"]
[White "Baramidze,D"]
[Black "Fressinet,L"]
[Result "1/2-1/2"]
[WhiteElo "2615"]
[BlackElo "2702"]

1.d4 d5 2.c4 c6 3.Nf3 Nf6 4.Nc3 e6 5.e3 Nbd7 6.Bd3 dxc4 7.Bxc4 b5 8.Bd3 b4
9.Ne4 Nxe4 10.Bxe4 Bb7 11.O-O Bd6 12.a3 bxa3 13.bxa3 O-O 14.Bb2 Rb8 15.Rb1 Qe7
16.Qa4 f5 17.Bxc6 Nb6 18.Qb5 Bxc6 19.Qxc6 Rfc8 20.Qb5 Nc4 21.Qa6 Qb7 22.Qxb7 Rxb7
23.Ba1 Rxb1 24.Rxb1 Nxa3 25.Rd1 h6 26.Kf1 Bb4 27.d5 exd5 28.Nh4 Nc2 29.Be5 Kf7
30.Bb2 Ke6 31.Bxg7 a5 32.Ke2 a4 33.Nf3 a3 34.Kd3 Ba5 35.Nd4+ Nxd4 36.Bxd4 Rc4
37.h3 h5 38.Rg1 Bd8 39.g4 hxg4 40.hxg4 fxg4 41.Rxg4 Ra4  1/2-1/2

[Event "Bundesliga 2012-13"]
[Site "Essen GER"]
[Date "2013.02.02"]
[Round "7"]
[White "Farago,I"]
[Black "Fridman,D"]
[Result "1/2-1/2"]
[WhiteElo "2488"]
[BlackElo "2670"]

1.d4 d5 2.c4 e6 3.Nf3 c6 4.e3 Nf6 5.Nc3 a6 6.b3 Bb4 7.Bd2 Nbd7 8.Bd3 O-O
9.O-O Bd6 10.Re1 b6 11.e4 dxc4 12.bxc4 e5 13.d5 cxd5 14.cxd5 b5 15.Rb1 Nc5
16.Bc2 Bg4 17.h3 Bh5 18.Re3 Rb8 19.Qe2 Nfd7 20.Nd1 Qe7 21.Nb2 Rfc8 22.Be1 Nb6
23.Ba5 Nbd7 24.Nd3 Nxd3 25.Rxd3 b4 26.a4 bxa3 27.g4 Bg6 28.Rxb8 Rxb8 29.Rd1 Nc5
30.Nd2 Rb2 31.Nc4 Ra2 32.Nxd6 Qxd6 33.Qc4 Rb2 34.Bb4 Rxb4 35.Qxb4 Nxe4 36.Qxd6 Nxd6
37.Bxg6 hxg6 38.Rc1 Kf8 39.Rc6 a5 40.Rc5 Nb7 41.Rc3 Ke7 42.Rxa3 Kd6 43.Rd3 Nc5
44.Rd2 Nb3 45.Rb2 a4 46.Ra2 Nc5 47.Rd2 Nd7 48.f4 e4 49.Kf2 Nb6 50.Rd1 Nxd5
51.Rd4 a3 52.Ra4 e3+ 53.Kf3 e2 54.Kf2 a2 55.Rxa2 Nxf4 56.Ra7 Nxh3+  1/2-1/2

[Event "ch-TUR 2013"]
[Site "Antalya TUR"]
[Date "2013.02.03"]
[Round "2.61"]
[White "Ozmen,Mustafa Lutfi Poyraz"]
[Black "Akyuz,Murat"]
[Result "1-0"]
[WhiteElo "1765"]
[BlackElo "1924"]

1.d4 d5 2.c4 c6 3.Nc3 Nf6 4.Nf3 e6 5.e3 Nbd7 6.Bd3 dxc4 7.Bxc4 b5 8.Bd3 Bb7
9.e4 b4 10.Na4 c5 11.e5 Nd5 12.O-O Qa5 13.Nxc5 Nxc5 14.dxc5 Bxc5 15.Qe2 h6
16.Bb5+ Ke7 17.Bd2 a6 18.Bd3 Qb6 19.Rac1 g5 20.Rc4 Rhg8 21.Rg4 a5 22.Kh1 a4
23.h4 gxh4 24.Nxh4 a3 25.Rxg8 Rxg8 26.bxa3 Nc3 27.Qh5 Qd8 28.Bh7 Rxg2 29.Nxg2 Qxd2
30.Bg8 Qf4 31.f3 Qg3 32.axb4 Qxg8 33.bxc5 Ne2 34.Qh4+ Ke8 35.Rd1 Bd5 36.Rd2 Ng3+
37.Kg1 Qg6 38.Kf2 Nf5 39.Qg4 Qh7 40.Nf4 Ne7 41.Nxd5 Nxd5 42.c6 Qb1 43.Qg8+ Ke7
44.Qg1 Qb6+ 45.Kg2 Nf4+ 46.Kh2 Qxc6 47.Qa7+ Kf8 48.Qe3 Nd5 49.Qxh6+ Ke8 50.Rg2 Qc4
51.Rg8+ Kd7 52.Rg2 Qd4 53.Qg5 Ne3 54.Re2 Nd5 55.Qg4 Nf4 56.Rc2 Qxe5 57.Qg3 Qh8+
58.Kg1 Qa1+ 59.Kf2 Qd4+ 60.Ke1 Qe3+ 61.Kd1 Nd5 62.Qf2 Qa3 63.Ke1 Kd6 64.Qh2+ Ke7
65.Qh4+ Kd7 66.Qf2 e5 67.Qc5  1-0

[Event "ch-TUR 2013"]
[Site "Antalya TUR"]
[Date "2013.02.03"]
[Round "2.63"]
[White "Koksal,R"]
[Black "Yarimaga,Mehmet Hakan"]
[Result "0-1"]
[WhiteElo "1920"]
[BlackElo "1759"]

1.d4 Nf6 2.Nf3 d5 3.c4 c6 4.Nc3 e6 5.e3 Nbd7 6.Bd3 Bd6 7.O-O O-O 8.cxd5 exd5
9.e4 dxe4 10.Nxe4 Nxe4 11.Bxe4 Nf6 12.Bd3 Bg4 13.h3 Bh5 14.Re1 Re8 15.Rxe8+ Qxe8
16.Bg5 Nd5 17.g4 Bg6 18.Bxg6 hxg6 19.Qb3 f6 20.Re1 Qf7 21.Bd2 Kf8 22.Kg2 Re8
23.Rxe8+ Kxe8 24.Qd3 Kd7 25.Nh4 Bf4 26.Be3 g5 27.Ng6 Bxe3 28.fxe3 Nxe3+ 29.Kf3 Nd5
30.Qf5+ Kd6 31.Ne5 Qe6 32.Nc4+ Kd7 33.Qxe6+ Kxe6 34.Na5 Nf4 35.h4 Kd5 36.Nxb7 Kxd4
37.h5 Kd5 38.b4 Nd3 39.a3 Ne5+ 40.Kg3 Nc4 41.a4 Nd6 42.Nd8 Ne4+ 43.Kf3 Nc3
44.a5 Na2 45.Nxc6 Kxc6 46.Ke4 Nxb4 47.Kf5 Nd3 48.Kg6 Ne5+ 49.Kxg7 Nxg4 50.Kg6 Kd6
51.Kf5 Nh6+  0-1

[Event "ch-TUR 2013"]
[Site "Antalya TUR"]
[Date "2013.02.03"]
[Round "3.59"]
[White "Doner,Mustafa"]
[Black "Koksal,R"]
[Result "1-0"]
[WhiteElo "1698"]
[BlackElo "1920"]

1.d4 Nf6 2.c4 c6 3.Nc3 d5 4.Nf3 e6 5.e3 Nbd7 6.Qc2 Bd6 7.Be2 O-O 8.O-O Re8
9.Rd1 Nf8 10.Bd2 Ng6 11.Be1 e5 12.dxe5 Nxe5 13.cxd5 cxd5 14.Nxd5 Bg4 15.Nxe5 Bxe2
16.Qxe2 Bxe5 17.Qb5 Ne4 18.Nc3 Nd6 19.Qb4 a5 20.Qg4 f5 21.Qf3 Rc8 22.Nb5 Qh4
23.Qd5+ Nf7 24.f4 Qg4 25.fxe5 Rc2 26.Nd6 Re6 27.Rac1  1-0

[Event "ch-TUR 2013"]
[Site "Antalya TUR"]
[Date "2013.02.03"]
[Round "3.95"]
[White "Demirkilic,Koksal"]
[Black "Celik,Abbas"]
[Result "0-1"]
[WhiteElo "1557"]
[BlackElo "1813"]

1.d4 d5 2.c4 c6 3.Nc3 e6 4.Nf3 Nf6 5.e3 Nbd7 6.Bd3 dxc4 7.Bxc4 b5 8.Bd3 a6
9.e4 c5 10.Be3 Bb7 11.e5 Nd5 12.Nxd5 Bxd5 13.O-O cxd4 14.Bxd4 Bc5 15.Re1 Qb6
16.Be4 Qb7 17.Bxd5 Qxd5 18.Bxc5 Nxc5 19.Qxd5 exd5 20.Rad1 Rd8 21.Rd4 Ne6
22.Rd2 Ke7 23.Red1 Nc7 24.Nd4 Kd7 25.f4 Ne6 26.Ne2 Kc6 27.Rc1+ Kb6 28.Rdc2 d4
29.Rd2 d3 30.Nc3 Nxf4 31.Rf1 Ng6 32.Rf5 Rhe8 33.Rxf7 Nxe5 34.Rxg7 Nc4 35.Rd1 d2
36.Kf2 Nxb2 37.Rxd2 Rxd2+ 38.Kf3 Nd3 39.Rxh7 Ne1+ 40.Kg4 Nxg2 41.h4 Nxh4
42.Rxh4 Rd4+ 43.Kh3 Rxh4+ 44.Kxh4 Rh8+  0-1

[Event "ch-TUR 2013"]
[Site "Antalya TUR"]
[Date "2013.02.03"]
[Round "3.40"]
[White "Taze,Bulent"]
[Black "Bas,D"]
[Result "1-0"]
[WhiteElo "1791"]
[BlackElo "1934"]

1.d4 d5 2.c4 e6 3.Nc3 Nf6 4.e3 c6 5.Nf3 Nbd7 6.Bd3 Bd6 7.O-O O-O 8.e4 dxe4
9.Nxe4 Nxe4 10.Bxe4 Nf6 11.Bc2 h6 12.Qe2 Re8 13.Ne5 Bxe5 14.dxe5 Nd7 15.Qe4 Nf8
16.Be3 Ng6 17.g3 Qc7 18.f4 b6 19.Rfd1 Bb7 20.c5 Rad8 21.Rd6 bxc5 22.Bxc5 Rxd6
23.exd6 Qd7 24.Rd1 Ba8 25.h4 Rb8 26.b4 Kh8 27.h5 Nf8 28.f5 Re8 29.Qg4 Nh7
30.fxe6 Rxe6 31.Bf5 Nf6 32.Bxe6 fxe6 33.Qg6 e5 34.Rf1 Qe6 35.Rxf6 gxf6 36.Qxh6+ Kg8
37.Qg6+ Kf8 38.d7+  1-0

[Event "FSGM February 2013"]
[Site "Budapest HUN"]
[Date "2013.02.03"]
[Round "2.4"]
[White "Saric,S"]
[Black "Mihok,O"]
[Result "1/2-1/2"]
[WhiteElo "2418"]
[BlackElo "2442"]

1.d4 d5 2.c4 e6 3.Nc3 c6 4.e3 Nf6 5.Nf3 Nbd7 6.Qc2 Bd6 7.g4 h6 8.h3 e5 9.cxd5 cxd5
10.dxe5 Nxe5 11.Nxe5 Bxe5 12.Bd2 O-O 13.Bg2 Be6 14.f4 Bxc3 15.Bxc3 Ne4 16.Bxe4 Qh4+
17.Qf2 Qxf2+ 18.Kxf2 dxe4 19.f5 Bc4 20.Kg3 Be2 21.Rh2 Bd3 22.g5 hxg5 23.h4 gxh4+
24.Kf4 f6 25.Rxh4 Kf7 26.Rah1 Rg8 27.Rh7 Rac8 28.Rg1 Rc6 29.Rg6 a6 30.a3  1/2-1/2

[Event "FSIM February 2013"]
[Site "Budapest HUN"]
[Date "2013.02.03"]
[Round "2.3"]
[White "Kislik,E"]
[Black "Szeberenyi,A"]
[Result "1/2-1/2"]
[WhiteElo "2359"]
[BlackElo "2328"]

1.d4 d5 2.c4 c6 3.Nc3 Nf6 4.e3 e6 5.Nf3 Nbd7 6.Qc2 Bd6 7.Bd3 O-O 8.O-O dxc4
9.Bxc4 a6 10.a4 c5 11.Ne4 Nxe4 12.Qxe4 Nf6 13.Qh4 Qc7 14.Rd1 Be7 15.Qg3 Bd6
16.Qh4 Be7 17.Qg3 Bd6 18.Qh4 Be7  1/2-1/2

[Event "Moscow Open F 2013"]
[Site "Moscow RUS"]
[Date "2013.02.03"]
[Round "2.4"]
[White "Krejci,Jan2"]
[Black "Mozharov,M"]
[Result "1/2-1/2"]
[WhiteElo "2529"]
[BlackElo "2510"]

1.d4 d5 2.c4 c6 3.Nc3 Nf6 4.e3 e6 5.Nf3 Nbd7 6.Qc2 Bd6 7.Bd3 dxc4 8.Bxc4 b5
9.Bd3 Bb7 10.a3 a5 11.O-O O-O 12.e4 e5 13.dxe5 Nxe5 14.Nxe5 Bxe5 15.h3 Re8
16.Be3 Bd4 17.Rfe1 Bxe3 18.Rxe3 Nd7 19.Rd1 b4 20.Na4 Qc7 21.e5 Nf8 22.Nc5 Bc8
23.Rde1 bxa3 24.bxa3 Be6 25.Nxe6 Rxe6 26.f4 Re7 27.Kh1 c5 28.Rc1 g6 29.Qxc5 Qxc5
30.Rxc5 Ne6 31.Rc4 Rd8 32.Be2 Rb7 33.Bg4 Ng7 34.h4 Rb2 35.Rec3 h5 36.Bh3 Rf2
37.Kg1 Rfd2 38.Kh2 Ne8 39.Rc8 Kf8 40.Rxd8 Rxd8 41.Kg3 f6 42.Kf3 fxe5 43.fxe5 Rd4
44.g3 Ke7 45.Ke3 Ra4 46.Rd3 Ng7 47.Kf3 Ne6 48.Bxe6 Kxe6 49.Rd6+ Kf7 50.Rd7+ Ke6
51.Rd6+ Kf7 52.Rd7+  1/2-1/2

[Event "ch-TUR 2013"]
[Site "Antalya TUR"]
[Date "2013.02.04"]
[Round "4.32"]
[White "Metin,O"]
[Black "Fazla,O"]
[Result "1-0"]
[WhiteElo "2021"]
[BlackElo "1803"]

1.d4 Nf6 2.c4 d5 3.e3 c6 4.Nf3 e6 5.Nc3 Nbd7 6.Bd3 dxc4 7.Bxc4 b5 8.Bd3 a6
9.O-O Bb7 10.a3 c5 11.Re1 Qb6 12.Bc2 Rd8 13.Qe2 Be7 14.dxc5 Nxc5 15.e4 Rc8
16.Bg5 h6 17.Bh4 g5 18.Bg3 Nh5 19.Rad1 Nxg3 20.hxg3 h5 21.Nd5 exd5 22.exd5 Qd6
23.Nd4 Nd7 24.Nf5 Qe5 25.Qd2 Qxd5 26.Qxd5 Bxd5 27.Rxe7+ Kd8 28.Rxd5 Rxc2
29.Rdxd7+ Kc8 30.Nd6+ Kb8 31.Rb7+  1-0

[Event "ch-TUR 2013"]
[Site "Antalya TUR"]
[Date "2013.02.05"]
[Round "5.36"]
[White "Gazioglu,H"]
[Black "Kart,Melih"]
[Result "1-0"]
[WhiteElo "1959"]
[BlackElo "1717"]

1.d4 d5 2.c4 e6 3.Nc3 Nf6 4.Nf3 c6 5.e3 Nbd7 6.Bd3 dxc4 7.Bxc4 b5 8.Bd3 a6
9.O-O Bb7 10.e4 Be7 11.e5 Nd5 12.Ne4 c5 13.Bg5 f6 14.exf6 N5xf6 15.Qe2 Kf7
16.Rfe1 Bd5 17.dxc5 Re8 18.Nd6+ Bxd6 19.cxd6 Kg8 20.Rac1 Qb6 21.Bxf6 Nxf6
22.Qe5 Rad8 23.Rc7 Rxd6 24.Rxg7+ Kxg7 25.Qg5+ Kf7 26.Ne5+ Ke7 27.Qg7+ Kd8
28.Qxf6+ Kc8 29.Rc1+ Kb8 30.Qf4 Ka8 31.Bxh7 Qb7 32.Bg6 Rg8 33.f3 Rdd8 34.h4 Rdf8
35.Qe3 Rf6 36.h5 Kb8 37.Qd4 Ka8 38.b3 Rc8 39.Rxc8+ Qxc8 40.Nc6 Qxc6 41.Qxf6 Qc1+
42.Kh2 Qh6 43.f4 Bxg2 44.Kxg2 Ka7 45.Kg3 Kb8 46.Qd8+ Ka7 47.Qc7+  1-0

[Event "ch-TUR 2013"]
[Site "Antalya TUR"]
[Date "2013.02.05"]
[Round "6.20"]
[White "Ozturk,Ku"]
[Black "Akyuz,Murat"]
[Result "1-0"]
[WhiteElo "2281"]
[BlackElo "1924"]

1.d4 d5 2.c4 c6 3.Nf3 Nf6 4.e3 e6 5.Nc3 Nbd7 6.Qc2 Be7 7.g4 h6 8.Bd2 b6 9.Rg1 Bb7
10.g5 hxg5 11.Nxg5 Ne4 12.Ngxe4 dxe4 13.Rxg7 f5 14.Nxe4 fxe4 15.Qxe4 Nf8
16.Qf4 a5 17.d5 cxd5 18.cxd5 Ba6 19.Qf7+ Kd7 20.d6 Kxd6 21.Bb4+ axb4 22.Rd1+ Kc5
23.Rxd8 Bxd8 24.Qf3 Rc8 25.Bxa6 Rc6 26.Qe4 Bf6 27.Qc4+ Kd6 28.Qxb4+ Rc5 29.Qxb6+ Rc6
30.Qb4+ Rc5 31.Rc7 Kxc7 32.Qxc5+ Kd8 33.Bb5 Nd7 34.Qd6 Rh7 35.Bxd7 Rxd7 36.Qf8+  1-0

[Event "ch-TUR 2013"]
[Site "Antalya TUR"]
[Date "2013.02.05"]
[Round "6.19"]
[White "Buker,M"]
[Black "Ozer,Omer Faruk"]
[Result "1-0"]
[WhiteElo "2097"]
[BlackElo "1802"]

1.d4 d5 2.c4 c6 3.Nc3 Nf6 4.e3 e6 5.Nf3 Nbd7 6.Bd3 dxc4 7.Bxc4 b5 8.Bd3 b4
9.Ne4 Nxe4 10.Bxe4 Bb7 11.Qa4 Qc7 12.Bd2 c5 13.Bxb7 Qxb7 14.O-O Bd6 15.dxc5 Bxc5
16.Ne5 Qd5 17.Nxd7 Qxd7 18.Qa5 O-O 19.Bxb4 Bxb4 20.Qxb4 Rab8 21.Qa3 Rfd8
22.b3 e5 23.h3 h6 24.Rac1 Rb5 25.Rc5 Qe7 26.b4 Rdb8 27.Rfc1 Rxb4 28.Rc7 Qf6
29.Qxa7 Rb2 30.R7c2 Qf5 31.Qc5 R2b5 32.Qc3 e4 33.Qd4 Rd5 34.Qa7 Rbd8 35.Qc7 Rd2
36.Rxd2 Rxd2 37.Qc8+ Qxc8 38.Rxc8+ Kh7 39.a4 Ra2 40.Ra8 Kg6 41.g4 Kg5 42.Ra5+ Kg6
43.Kg2 Kf6 44.Kg3 g5 45.Rf5+ Kg6 46.Ra5 Kf6 47.Ra8 Kg7 48.Ra5 Kf6 49.h4 gxh4+
50.Kxh4 Kg6 51.Kg3 f6 52.Ra7 h5 53.gxh5+ Kxh5 54.a5 Kg5 55.a6 Kf5 56.Ra8 Ra3
57.a7 Ra2 58.f3 exf3 59.e4+  1-0

[Event "ch-TUR 2013"]
[Site "Antalya TUR"]
[Date "2013.02.05"]
[Round "6.32"]
[White "Erencek,E"]
[Black "Alaz,Ahmet Efekan"]
[Result "1-0"]
[WhiteElo "1987"]
[BlackElo "1802"]

1.Nf3 d5 2.c4 c6 3.e3 Nf6 4.Nc3 e6 5.d4 Nbd7 6.Bd3 Be7 7.O-O O-O 8.b3 Bb4
9.Bb2 Bxc3 10.Bxc3 Ne4 11.Bb2 f5 12.Qc2 Rf6 13.g3 Rh6 14.Kg2 Qe8 15.h4 Ndf6
16.Ne5 Nd7 17.cxd5 cxd5 18.Rac1 Rf6 19.Bb5 Qd8 20.Bxd7 Bxd7 21.Qc7 Bb5 22.Rfe1 Ba6
23.Ba3 Qe8 24.f3 Nd2 25.Qe7 Qh5 26.Rc7 Qh6 27.Rd7 Rff8 28.Rc1 Rae8 29.Qg5 Qxg5
30.hxg5 Rc8 31.Bxf8 Rxc1 32.Rd8 Bf1+ 33.Kf2  1-0

[Event "ch-HUN U20 2013"]
[Site "Budapest HUN"]
[Date "2013.02.05"]
[Round "2.3"]
[White "Juhasz,Kr"]
[Black "Kantor,G"]
[Result "1/2-1/2"]
[WhiteElo "2343"]
[BlackElo "2313"]

1.Nf3 d5 2.c4 c6 3.e3 Nf6 4.Nc3 e6 5.d4 Nbd7 6.Be2 Bd6 7.a4 a5 8.O-O O-O
9.Qc2 Qc7 10.b3 b6 11.e4 Nxe4 12.Nxe4 dxe4 13.Qxe4 Bb7 14.Bg5 Nf6 15.Qc2 c5
16.Rad1 Rfd8 17.dxc5 Bxc5 18.Bh4 Rxd1 19.Rxd1 Rd8 20.Ne5 Qe7 21.Rxd8+ Qxd8
22.Qd3 Qd4 23.Qxd4 Bxd4  1/2-1/2

[Event "FSGM February 2013"]
[Site "Budapest HUN"]
[Date "2013.02.05"]
[Round "4.3"]
[White "Saric,S"]
[Black "Stefansson,H"]
[Result "1-0"]
[WhiteElo "2418"]
[BlackElo "2496"]

1.d4 d5 2.c4 c6 3.Nc3 Nf6 4.e3 e6 5.Nf3 Nbd7 6.Qc2 Bd6 7.g4 h6 8.h3 b6 9.cxd5 exd5
10.Bd2 Bb7 11.O-O-O c5 12.Kb1 Qe7 13.Be1 Rc8 14.Rg1 g6 15.Ka1 a6 16.h4 b5
17.g5 hxg5 18.hxg5 Ne4 19.dxc5 Rxc5 20.Qb3 Nb6 21.Be2 Qc7 22.Nd4 Na4 23.Bxb5+ axb5
24.Ndxb5 Qc6 25.Qxa4 Bh2 26.Rh1 Nxc3 27.Bxc3 Rh5 28.Qa7 Qxb5 29.Rxh2 Rxh2
30.Qb8+ Kd7 31.Qxh2 Qa4 32.Qh3+ Kc6 33.Qf3 Qc2 34.Qf6+ Kb5 35.Rb1 d4 36.Qxd4 Be4
37.Qb4+ Kc6 38.Re1 Bd5 39.e4 Bxa2 40.Kxa2  1-0

[Event "Moscow Open B 2013"]
[Site "Moscow RUS"]
[Date "2013.02.05"]
[Round "4.2"]
[White "Kazimova,N"]
[Black "Romanko,M"]
[Result "0-1"]
[WhiteElo "2176"]
[BlackElo "2349"]

1.d4 d5 2.c4 c6 3.Nc3 Nf6 4.e3 e6 5.Nf3 Nbd7 6.Bd3 dxc4 7.Bxc4 b5 8.Bd3 Bb7
9.e4 b4 10.Na4 c5 11.e5 Nd5 12.Nxc5 Nxc5 13.dxc5 Bxc5 14.Bb5+ Kf8 15.O-O h6
16.Qe2 Qb6 17.Bd2 g6 18.a3 a5 19.Kh1 Kg7 20.Ne1 Bd4 21.Rb1 Rac8 22.Bd3 Rcd8
23.axb4 Nxb4 24.Bc4 Rc8 25.b3 Nd5 26.Rc1 Ne7 27.Nc2 Bc5 28.Ne3 Bb4 29.Bxb4 axb4
30.Qg4 g5 31.Rce1 Ng6 32.f4 Rc5 33.fxg5 Rxe5 34.gxh6+ Rxh6 35.Nf5+ exf5 36.Rxe5 Rxh2+
37.Kxh2 fxg4 38.Rxf7+ Kh6 39.Re6 Qd4 40.Rxb7 g3+  0-1

[Event "ch-TUR 2013"]
[Site "Antalya TUR"]
[Date "2013.02.06"]
[Round "7.52"]
[White "Avci,A"]
[Black "Yilmaz,Goktan"]
[Result "0-1"]
[WhiteElo "1908"]
[BlackElo "1746"]

1.d4 d5 2.c4 e6 3.Nc3 Nf6 4.Nf3 c6 5.e3 Nbd7 6.cxd5 exd5 7.Bd3 Bd6 8.Qc2 O-O
9.O-O Re8 10.a3 a5 11.b3 Qe7 12.Nd2 Nf8 13.Bb2 Ng6 14.Na4 Ne4 15.Bxe4 dxe4
16.Nc5 f5 17.Qc3 Qh4 18.g3 Qh3 19.f4 exf3 20.Nxf3 Qg4 21.b4 axb4 22.axb4 Rxa1
23.Bxa1 h5 24.d5 Ne5 25.Nd4 cxd5 26.Nb5 Bb8 27.Qb3 Nc4 28.Bd4 h4 29.Rf2 hxg3
30.hxg3 Qxg3+ 31.Kf1 Qh3+ 32.Ke2 Bg3 33.Na3 Qh5+ 34.Kd3 Bxf2 35.Nxc4 dxc4+
36.Qxc4+ Kh7 37.Qd5 Qd1+ 38.Kc4 Bxe3 39.Qf7 Qxd4+ 40.Kb5 Qe5 41.Ka4 Bxc5
42.bxc5 Qd4+ 43.Kb5 Qd7+  0-1